Films Disney - Statistiques

Statistiques générales
  • Ce quiz a été pris 59 fois
  • Le résultat moyen est 109 sur 227
Statistiques - réponses
Date Réponse % Correct
1950 | 2015 Cendrillon
95%
2002 Cendrillon 2 : Une vie de princesse
95%
2007 Le sortilège de Cendrillon
95%
2025 Blanche Neige
93%
1938 Blanche Neige et les sept nains
93%
1992 | 2017 La Belle et la Bête
91%
2013 La Reine des neiges
88%
1959 La Belle au bois dormant
84%
1955 | 2020 La Belle et le Clochard
84%
2019 La Reine des neiges 2
84%
1996 Toy Story
84%
2000 Toy Story 2
84%
2010 Toy Story 3
84%
2019 Toy Story 4
84%
2026 Toy Story 5
84%
1998 La Belle et la Bête 2 : Le Noël enchanté
81%
2001 La Belle et le Clochard 2 : L'appel de la rue
81%
1998 Le monde magique de la Belle et la Bête
81%
1994 | 2019 Le Roi lion
81%
2010 Raiponce
81%
2006 Cars
79%
2011 Cars 2
79%
2017 Cars 3
79%
1968 | 2016 Le livre de la jungle
79%
1953 Peter Pan
79%
2002 Peter Pan 2 : Retour au pays imaginaire
79%
2023 Peter Pan et Wendy
79%
2024 Vaiana 2
79%
2016 | 2026 Vaiana, la légende du bout du monde
79%
2003 Le livre de la jungle 2
77%
1995 Le livre de la jungle, le film
77%
1999 Le Roi lion 2 : L'honneur de la tribu
77%
2004 Le Roi lion 3 : Hakuna Matata
77%
1961 Les 101 dalmatiens
77%
2002 Les 101 dalmatiens 2 : Sur la trace des héros
77%
1997 Les 101 dalmatiens, le film
77%
2024 Mufasa : Le Roi lion
77%
1998 | 2020 Mulan
77%
2004 Mulan 2 : La mission de l'empereur
77%
1999 Pocahontas 2 : Un monde nouveau
77%
1995 Pocahontas, une légende indienne
77%
1946 Fantasia
72%
2000 Fantasia 2000
72%
1971 Les aristochats
72%
2004 Mickey : Il était deux fois Noël
72%
2001 Mickey : Il était une fois Noël
72%
2002 Mickey : La magie de Noël
72%
2002 Mickey : Le club des méchants
72%
2012 Rebelle
72%
1993 | 2019 Aladdin
70%
1948 Bambi
67%
2006 Bambi 2
67%
2002 La légende de Tarzan et Jane
67%
1990 | 2023 La petite sirène
67%
1999 Tarzan
67%
2005 Tarzan 2 : L'enfance d'un héros
67%
2017 Coco
65%
1946 | 2022 Pinocchio
65%
1951 | 2010 Alice au pays des merveilles
63%
2016 Alice de l'autre côté du miroir
63%
1947 | 2019 Dumbo
63%
1997 Hercule
63%
2018 Jean-Christophe et Winnie
63%
2010 La Princesse et la grenouille
63%
2015 Vice-Versa
63%
2024 Vice-Versa 2
63%
2016 Zootopie
63%
2025 Zootopie 2
63%
1991 Bernard et Bianca au pays des kangourous
60%
2021 Encanto, la fantastique famille Madrigal
60%
2005 Kuzco 2 : King Kronk
60%
2001 Kuzco, l'empereur mégalo
60%
2000 La petite sirène 2 : Retour à l'océan
60%
2003 Le Monde de Nemo
60%
1977 Les aventures de Bernard et Bianca
60%
1977 Les aventures de Winnie l'ourson
60%
2008 Le secret de la petite sirène
60%
2012 Les mondes de Ralph
60%
2019 Ralph 2.0
60%
2003 Stitch ! Le film
60%
1997 Winnie l'ourson 2 : le grand voyage
60%
2002 Winnie l'ourson : Bonne Année !
60%
2005 Winnie l'ourson et l'éfélant
60%
2005 Winnie l'ourson : Joyeux Noël
60%
2002 | 2025 Lilo et Stitch
58%
2005 Lilo et Stitch 2 : Hawaï nous avons un problème !
58%
2021 Luca
58%
1974 Robin des bois
58%
1952 Robin des bois et ses joyeux compagnons
58%
2020 Soul
58%
2011 Winnie l'ourson
58%
2009 Là-haut
56%
2015 Les nouveaux héros
56%
1964 Merlin l'enchanteur
56%
2007 Ratatouille
56%
2001 Atlantide, l'empire perdu
53%
1996 Le bossu de Notre-Dame
53%
2016 Le monde de Dory
53%
2003 Les énigmes de l'Atlantide
53%
2009 Volt : Star malgré lui
53%
1996 Aladdin et le Roi des voleurs
51%
2022 Alerte rouge
51%
2023 Elementaire
51%
2002 Le bossu de Notre-Dame 2 : Le secret de Quasimodo
51%
2004 Les Indestructibles
51%
1965 Mary Poppins
51%
2021 Raya et le dernier dragon
51%
2015 Clochette et la créature légendaire
49%
2014 Clochette et la fée pirate
49%
2009 Clochette et la pierre de Lune
49%
2012 Clochette et le secret des fées
49%
2011 Clochette et le tournoi des fées
49%
2010 Clochette et l'expédition féerique
49%
2004 Frère des ours
49%
2006 Frère des ours 2
49%
2008 La fée Clochette
49%
2023 Wish : Asha et la bonne étoile
49%
2018 Les Indestructibles 2
47%
2008 Wall E
47%
2018 Le retour de Mary Poppins
44%
2013 Planes
44%
2014 Planes 2
44%
1981 Rox et Rouky
42%
1999 1001 pattes
40%
2002 Monstres et Cie
40%
2007 Rox et Rouky 2
40%
1985 Taram et le chaudron magique
40%
1986 Basil détective privé
37%
2000 Dinosaure
37%
2002 La planète au trésor : Un nouvel univers
37%
2014 Maléfique
37%
2019 Maléfique : Le pouvoir du mal
37%
2022 Buzz l'éclair
35%
2001 Buzz l'éclair : Le début des aventures
35%
2005 Chicken Little
35%
2004 La ferme se rebelle
35%
1948 Les trois caballeros
33%
2022 Avalonia, l'étrange voyage
30%
1996 Dingo et Max
30%
2000 Dingo et Max 2 : Les sportifs de l'extrême
30%
2020 En avant
30%
2015 Le voyage d'Arlo
30%
2013 Monstres academy
30%
1989 Oliver et compagnie
30%
1978 | 2016 Peter et Elliott le dragon
30%
2007 Pirates des Caraïbes : Jusqu'au bout du monde
28%
2011 Pirates des Caraïbes : La fontaine de jouvence
28%
2003 Pirates des Caraïbes : La malédiction du Black Pearl
28%
2017 Pirates des Caraïbes : La vengeance de Salazar
28%
2006 Pirates des Caraïbes : Le secret du coffre maudit
28%
2016 Rogue One : A Star Wars Story
28%
2018 Solo : A Star Wars Story
28%
2005 Star Wars épisode III : La revanche des Sith
28%
2002 Star Wars épisode II : L'attaque des clones
28%
1999 Star Wars épisode I : La menace fantôme
28%
1977 Star Wars épisode IV : Un nouvel espoir
28%
2019 Star Wars épisode IX : L'ascension de Skywalker
28%
2017 Star Wars épisode VIII : Les derniers jedi
28%
2015 Star Wars épisode VII : Le réveil de la force
28%
1983 Star Wars épisode VI : Le retour du jedi
28%
1980 Star Wars épisode V : L'empire contre-attaque
28%
2021 Cruella
26%
2025 Elio
26%
2007 Il était une fois
26%
2022 Il était une fois 2
26%
1951 Mélodie cocktail
26%
2026 Jumpers
23%
1991 La bande à Picsou : Le trésor de la lampe perdue
23%
2007 Bienvenue chez les Robinson
21%
1950 Coquin de printemps
21%
2003 Le crapaud et le maître d'école
21%
1949 La boîte à musique
16%
2003 Les aventures de Porcinet
16%
2000 Les aventures de Tigrou
16%
1949 Mélodie du sud
16%
1989 Indiana Jones et la dernière croisade
14%
2023 Indiana Jones et le Cadran de la Destinée
14%
2008 Indiana Jones et le royaume du crâne de cristal
14%
1984 Indiana Jones et le temple maudit
14%
2005 Le Monde de Narnia chapitre 1 : Le lion, la sorcière blanche et l'armoire magique
14%
2008 Le Monde de Narnia chapitre 2 : Le Prince Caspian
14%
2004 Mickey, Donald, Dingo : Les trois mousquetaires
14%
1972 L'apprentie sorcière
12%
1995 Le retour de Jafar
12%
2004 Les aventures de Petit Gourou
12%
2006 The Wild
12%
1996 Timon et Pumbaa, les globe-trotters
9%
1996 Timon et Pumbaa, les gourmets
9%
1996 Timon et Pumbaa, les touristes
9%
2018 Casse-Noisette et les quatre royaumes
7%
2022 Hocus Pocus 2
7%
1994 Hocus Pocus : Les trois sorcières
7%
2013 Le monde fantastique d'Oz
7%
1985 Oz, un monde extraordinaire
7%
2001 102 dalmatiens
5%
1999 Doug
5%
1997 George de la jungle
5%
2003 George de la jungle 2
5%
1997 James et la pêche géante
5%
2009 Le drôle de Noël de Scrooge
5%
2007 Leroy et Stitch
5%
2011 Milo sur Mars
5%
1982 Tron
5%
2025 Tron : Ares
5%
2011 Tron : L'héritage
5%
2012 Frankenweenie
2%
2002 Le Calendrier de Noël
2%
2026 The Mandalorian and Grogu
2%
2015 Into the Woods, promenons-nous dans les bois
0%
2016 Le BGG - Le Bon Gros Géant
0%
1981 Les aventuriers de l'arche perdue
0%
2007 Le secret de Térabithia
0%
1981 Popeye
0%
Aucun quiz correspondant
Distribution des résultats
% des personnes avec chaque résultat
Percentile par nombre de réponses
Votre historique - résultats
Vous n’avez pas pris ce quiz